<?xml version="1.0" encoding="UTF-8"?>
<record
    xmlns:xsi="http://www.w3.org/2001/XMLSchema-instance"
    xsi:schemaLocation="http://www.loc.gov/MARC21/slim http://www.loc.gov/standards/marcxml/schema/MARC21slim.xsd"
    xmlns="http://www.loc.gov/MARC21/slim">

  <leader>01037nam a22002417a 4500</leader>
  <datafield tag="999" ind1=" " ind2=" ">
    <subfield code="c">65338</subfield>
    <subfield code="d">65338</subfield>
  </datafield>
  <controlfield tag="005">20240530110819.0</controlfield>
  <controlfield tag="008">190710s2018    ua fh  f b    000 0 ara d</controlfield>
  <datafield tag="017" ind1=" " ind2=" ">
    <subfield code="a">2018/13744</subfield>
    <subfield code="b">&#x645;&#x635;&#x631;. &#x62F;&#x627;&#x631; &#x627;&#x644;&#x643;&#x62A;&#x628;</subfield>
  </datafield>
  <datafield tag="020" ind1=" " ind2=" ">
    <subfield code="a">9789774524944</subfield>
  </datafield>
  <datafield tag="040" ind1=" " ind2=" ">
    <subfield code="a">EG-CaGPL</subfield>
    <subfield code="c">EG-CaGPL</subfield>
  </datafield>
  <datafield tag="082" ind1="0" ind2="4">
    <subfield code="2">21</subfield>
    <subfield code="a">729.19/</subfield>
    <subfield code="b">&#x641; &#x62F;</subfield>
  </datafield>
  <datafield tag="100" ind1="0" ind2=" ">
    <subfield code="a">&#x641;&#x631;&#x62C; &#x627;&#x644;&#x62D;&#x633;&#x64A;&#x646;&#x649;</subfield>
  </datafield>
  <datafield tag="245" ind1="1" ind2="0">
    <subfield code="a">&#x62F;&#x64A;&#x648;&#x627;&#x646; &#x627;&#x644;&#x62E;&#x637; &#x627;&#x644;&#x639;&#x631;&#x628;&#x649; &#x641;&#x649; &#x633;&#x648;&#x631;&#x64A;&#x629; :</subfield>
    <subfield code="b">&#x646;&#x642;&#x648;&#x634; &#x627;&#x644;&#x639;&#x645;&#x627;&#x626;&#x631; &#x627;&#x644;&#x645;&#x645;&#x644;&#x648;&#x643;&#x64A;&#x629; : ( 658 - 922 &#x647;&#x640; / 1260 -1516 &#x645; ) /</subfield>
    <subfield code="c">&#x62A;&#x627;&#x644;&#x64A;&#x641; &#x641;&#x631;&#x62C; &#x627;&#x644;&#x62D;&#x633;&#x64A;&#x646;&#x649; &#x61B; &#x62A;&#x635;&#x62F;&#x64A;&#x631; &#x645;&#x635;&#x637;&#x641;&#x649; &#x627;&#x644;&#x641;&#x642;&#x649;</subfield>
  </datafield>
  <datafield tag="260" ind1=" " ind2=" ">
    <subfield code="a">&#x627;&#x644;&#x627;&#x633;&#x643;&#x646;&#x62F;&#x631;&#x64A;&#x629; :</subfield>
    <subfield code="b">&#x645;&#x643;&#x62A;&#x628;&#x629; &#x627;&#x644;&#x627;&#x633;&#x643;&#x646;&#x62F;&#x631;&#x64A;&#x629;&#x60C;</subfield>
    <subfield code="c">2018.</subfield>
  </datafield>
  <datafield tag="300" ind1=" " ind2=" ">
    <subfield code="a">563 &#x635;. :</subfield>
    <subfield code="b">&#x627;&#x64A;&#x636; &#x61B;</subfield>
    <subfield code="c">32 &#x633;&#x645;.</subfield>
  </datafield>
  <datafield tag="490" ind1="0" ind2=" ">
    <subfield code="a">&#x62F;&#x631;&#x627;&#x633;&#x627;&#x62A; &#x641;&#x649; &#x627;&#x644;&#x62E;&#x637;&#x648;&#x637; &#x61B;</subfield>
    <subfield code="v">23.</subfield>
  </datafield>
  <datafield tag="650" ind1="0" ind2="7">
    <subfield code="2">qrmak</subfield>
    <subfield code="a">&#x627;&#x644;&#x646;&#x642;&#x648;&#x634; &#x627;&#x644;&#x639;&#x631;&#x628;&#x64A;&#x629;</subfield>
    <subfield code="z">&#x633;&#x648;&#x631;&#x64A;&#x627;</subfield>
  </datafield>
  <datafield tag="650" ind1="0" ind2="7">
    <subfield code="2">qrmak</subfield>
    <subfield code="a">&#x62F;&#x648;&#x644;&#x629; &#x627;&#x644;&#x645;&#x645;&#x627;&#x644;&#x64A;&#x643;</subfield>
  </datafield>
  <datafield tag="650" ind1="0" ind2="7">
    <subfield code="2">qrmak</subfield>
    <subfield code="a">&#x627;&#x644;&#x627;&#x62B;&#x627;&#x631; &#x627;&#x644;&#x627;&#x633;&#x644;&#x627;&#x645;&#x64A;&#x629;</subfield>
    <subfield code="z">&#x633;&#x648;&#x631;&#x64A;&#x627;</subfield>
  </datafield>
  <datafield tag="700" ind1="0" ind2=" ">
    <subfield code="a">&#x645;&#x635;&#x637;&#x641;&#x649; &#x627;&#x644;&#x641;&#x642;&#x649;</subfield>
    <subfield code="e">&#x645;&#x635;&#x62F;&#x631;</subfield>
  </datafield>
  <datafield tag="942" ind1=" " ind2=" ">
    <subfield code="2">ddc</subfield>
    <subfield code="c">BK</subfield>
  </datafield>
  <datafield tag="952" ind1=" " ind2=" ">
    <subfield code="0">0</subfield>
    <subfield code="1">0</subfield>
    <subfield code="4">0</subfield>
    <subfield code="7">0</subfield>
    <subfield code="a">CAI</subfield>
    <subfield code="b">CAI</subfield>
    <subfield code="c">ART-LIBRARY</subfield>
    <subfield code="d">2019-07-10</subfield>
    <subfield code="l">0</subfield>
    <subfield code="o">729.19/ &#x641; &#x62F;</subfield>
    <subfield code="p">166070</subfield>
    <subfield code="r">2019-07-10 00:00:00</subfield>
    <subfield code="w">2019-07-10</subfield>
    <subfield code="y">BK</subfield>
  </datafield>
</record>
